Normal view
MARC view
- Control theory
Entry Topical Term
001 - CONTROL NUMBER
- control field: 84480
003 - CONTROL NUMBER IDENTIFIER
- control field: NUST
005 - DATE AND TIME OF LATEST TRANSACTION
- control field: 20211118153438.0
008 - FIXED-LENGTH DATA ELEMENTS
- fixed length control field: 211118|| aca||aabn | a|a d
040 ## - CATALOGING SOURCE
- Original cataloging agency: NUST
- Transcribing agency: NUST
150 ## - HEADING--TOPICAL TERM
- Topical term or geographic name entry element: Control theory
670 ## - SOURCE DATA FOUND
- Source citation: Work cat.: (NUST)33357: Brogan, William L. 84479, Modern control theory /, c2013.
